| 000 | 00545nam a2200193 a 4500 | ||
|---|---|---|---|
| 005 | 20210223133410.0 | ||
| 008 | 170911s2006 ea r 000 0 spa d | ||
| 020 | _a1404274413 | ||
| 035 | _aUPN01000220422 | ||
| 049 | _aI | ||
| 050 | 4 |
_aQL737 C2.7 _bR6.3 |
|
| 100 | 1 |
_aRoza, Greg, _d1971- _933672 |
|
| 245 | 1 | 0 |
_aGrandes osos negros / _cGreg Roza. |
| 260 |
_aNew York : _bRosen Classroom Books & Materials, _c2006. |
||
| 300 |
_a8 p. : _bil. col. |
||
| 650 | 4 |
_aOSOS - _vLITERATURA INFANTIL _923577 |
|
| 905 | _aInfantil | ||
| 999 |
_c192521 _d192521 |
||